| 000 | 00321nam a2200097Ia 4500 | ||
|---|---|---|---|
| 008 | 220120s9999||||xx |||||||||||||| ||und|| | ||
| 100 |
_aSandeep M.D and others _912674 |
||
| 245 | 0 | _aImpact analysis of bullet on different bullet proof fibers | |
| 260 |
_aCoorg Institute of Technology _bPonnampet _c2017 |
||
| 650 | _aMECHANICAL | ||
| 999 |
_c138273 _d138273 |
||